000 00864nam a2200265 i 4500
001 000009739
003 DO-SdBNP
005 20240412074212.0
007 ta
008 091001s1976 dr a 000 p spa d
040 _aDO-SdBNP
_bspa
_cBNPHU
_erda
082 _aRD861.44
_bB253d
_222
100 1 _aBarinas Coiscou, Sócrates,
_d1916-2021
_eautor
_924379
245 1 0 _aDolida piel americana :
_bsonetos del andar /
_cSócrates Barinas Coiscou.
264 1 _aSanto Domingo :
_beditor no identificado,
_c19--].
300 _a145 páginas
_bilustraciones
_c21 cm.
336 _2rdacontent
_atexto
_btxt
337 _2rdamedia
_asin mediación
_bn
338 _2rdacarrier
_avolumen
_bnc
590 _aInventariado, 2018/LP
650 4 _aPoesía dominicana
_966
650 0 _aLiteratura dominicana.
_967
910 _aValidado. Control de calidad MFF
942 _2ddc
_cLBS1
999 _c9499
_d9499